000 01154nam a22003137a 4500
003 CHAP
005 20220329143610.0
008 100820s1989 mx a r 00010 spa d
010 _a99111
011 _a100083
035 _a110769
040 _cCHAP
082 1 4 _a582.13097253
_bC64
110 1 _aComisión Coordinadora para el Desarrollo Rural. México.
_925667
245 1 4 _aLas flores del centro de ecoguardas
_c/por Comisión Coordinadora para el Desarrollo Rural
260 _aMéxico, D. F. :
_bDepartamento del Distrito Federal,
_c[1989]
300 _a[c. a. 34 h.] :
_bilus.
590 _aBATCH-UPD
_b10
_c20130110
_lUCH01
_h0857
590 _aBATCH-UPD
_b10
_c20130410
_lUCH01
_h0528
590 _aBATCH-UPD
_b10
_c20130914
_lUCH01
_h1418
590 _aCONVERSION
_b10
_c20130109
_lUCH01
_h1355
650 1 4 _aFlores
_xMéxico (D.F.)
_941391
650 1 4 _aRecursos naturales
_zMéxico (D.F.).
_995329
901 _aBK
911 _aen proceso
942 _cLIBRO
949 _a582.13097253 C64
_bBC
_cLIBRO
_d33724002179181
_eLIBRO
_h113293
_i110769
_sb
949 _a582.13097253 C64
_bBC
_cLIBRO
_d33724002231827
_eLIBRO
_fc.2
_gDonaciØn
_h114110
_i110769
_sb
999 _c99111
_d99111